Wszyscy zadymiarze w Brawl Stars (03.2026) - Statystyki

Ogólne statystyki
  • Ten quiz został rozwiązany 518 razy
    183 od ostatniego zresetowania
  • Średni wynik to 55 z 100
Statystyki odpowiedzi
Hint Odpowiedź % Poprawnych
Zadymiarz początkowy Shelly
95%
Rzadki Colt
93%
Rzadki Bull
88%
Rzadki Nita
88%
Legendarny Leon
83%
Rzadki Rosa
83%
Rzadki Barley
81%
Legendarny Spike
80%
Ultra Legendarny Kaze
79%
Rzadki Brock
78%
Ultra Legendarny Sirius
78%
Rzadki El Primo
77%
Bardzo Rzadki Rico
76%
Bardzo Rzadki Jessie
74%
Epicki Bo
73%
Epicki Edgar
73%
Rzadki Poco
73%
Epicki Bibi
72%
Legendarny Crow
72%
Mityczny Mortis
72%
Bardzo Rzadki Dynamike
71%
Legendarny Meg
70%
Bardzo Rzadki Tick
70%
Bardzo Rzadki 8-Bit
69%
Legendarny Amber
67%
Bardzo Rzadki Darryl
67%
Legendarny Kit
67%
Epicki Emz
66%
Epicki Frank
66%
Bardzo Rzadki Gus
65%
Bardzo Rzadki Penny
65%
Legendarny Surge
65%
Legendarny Sandy
64%
Epicki Piper
63%
Mityczny Tara
63%
Bardzo Rzadki Jacky
62%
Legendarny Draco
59%
Epicki Bea
58%
Legendarny Chester
58%
Mityczny Gene
58%
Epicki Pam
58%
Legendarny Pierce
58%
Bardzo Rzadki Carl
57%
Legendarny Kenji
57%
Legendarny Cordelius
55%
Epicki Sam
52%
Epicki Grom
51%
Epicki Nani
51%
Epicki Stu
51%
Epicki Mandy
50%
Epicki Trunk
50%
Mityczny Buzz
49%
Mityczny Fang
49%
Epicki Colette
48%
Epicki Gale
48%
Mityczny Mico
48%
Mityczny Byron
47%
Epicki Griff
47%
Epicki Belle
45%
Epicki Bonnie
45%
Mityczny Ziggy
45%
Mityczny Eve
44%
Mityczny Gigi
44%
Mityczny Glowy
44%
Epicki Hank
44%
Mityczny Lou
44%
Epicki Maisie
44%
Mityczny Ruffs
44%
Epicki Angelo
43%
Epicki Berry
43%
Mityczny Chuck
43%
Mityczny Gray
43%
Mityczny Janet
43%
Mityczny Juju
43%
Mityczny Lily
43%
Epicki Lola
43%
Mityczny Otis
43%
Mityczny Alli
42%
Mityczny Sprout
42%
Mityczny Willow
42%
Epicki Ash
41%
Mityczny Buster
41%
Mityczny Doug
41%
Mityczny Max
41%
Mityczny Mr. P
41%
Mityczny R-T
41%
Epicki Shade
41%
Mityczny Lumi
40%
Mityczny Charlie
38%
Mityczny Mina
38%
Mityczny Clancy
37%
Epicki Pearl
37%
Epicki Larry & Lawrie
36%
Epicki Meeple
36%
Mityczny Moe
36%
Mityczny Ollie
36%
Mityczny Squeak
36%
Mityczny Melodie
35%
Mityczny Finx
31%
Mityczny Jae-Yong
28%
Nie znaleziono quizów pasujących do podanych kryteriów
Rozkład punktacji
Procent ludzi z każdym wynikiem
Percentyl według liczby udzielonych odpowiedzi
Twoja historia wyników
Nie rozwiązałeś tego quizu od ostatniego zresetowania